01326nam a22001577a 4500008004100000020001800041050001900059100002800078245008500106250001200191260005000203300004100253500004200294505081200336700002001148200130b xxu||||| |||| 00| 0 eng d a9781133599111 aQP143.N894(5e) aDebrunyne, Linda Kelly. aNutrition for health and health care. /cLinda Kelly Debruyne and Kathryn Pinna. a5th ed. aBelmont :bWadsworth Cengage Learning,c2014. axxii, 673 p. :bill. (col.) ;c28cm. aIncludes index appendix and glossary. aContents: Overview of nutrition and health -- Digestion and absorption -- Carbohydrates -- Lipids -- Protein -- Energy balance and body composition -- Weight management -- The vitamins -- Water and the minerals -- Nutrition through the life span: pregnancy and infancy -- Nutrition through the life span: childhood and adolescence -- Nutrition through the life span: later adulthood -- Nutrition care and assessment -- Nutrition intervention and diet-drug interactions -- Enteral and parental nutrition support -- Nutrition in metabolic and respiratory stress -- Nutrition and upper gastrointestinal disorders -- Nutrition and liver diseases -- Nutrition and diabetes mellitus -- Nutrition and disorder of the heart and blood vessels -- Nutrition and renal diseases -- Nutrition, Cancer, and HIV infection.  aPinna, Kathryn.